MDQL
is popping MORE tags! Check the
thread
!
Quizzes
Events
Quiz Creation
Community
Videos
Private Events
Remove Ads
Sign In
Join for FREE
Feedback
Dark Mode
Quiz Categories
Sports
Geography
Music
Movies
Television
Just For Fun
Miscellaneous
History
Literature
Language
Science
Gaming
Entertainment
Religion
Holiday
For Kids
Quiz Lab
Recent
Popular Today
Quiz Kudos Today
Editor Picks
Curator Picks
Quizzes by...
Day
Popularity
Type
Ratings
Length
Year
Community
Subscriptions
Recent Discussions
Orange Saloon
Badges
Playlists
Quests
Create
Leaderboards
Showdown
Live 5
Trivia Bingo
Activity
Puzzle Library
Sporcle Events
Private Events
Virtual Trivia
Globe League
Become a Host
Pub Owners
SporcleCon
Opinionation
Our Games
Videos
Blog
Mobile Apps
Partnerships
Remove Ads and Go Orange
Feedback
Television
TV Characters
TV Show
Sitcom
Network
Friends
Reality Shows
Cast
South Park
Star Trek
The Simpsons
Doctor Who
Television
TV Characters
TV Show
Sitcom
Network
Friends
Reality Shows
Cast
South Park
Star Trek
The Simpsons
Doctor Who
Random Quiz
Search Sporcle
×
Quiz Lab
Quiz Lab
Television
Numbers
Type in answers that appear in a list
Type in answers that appear in a list
Classic
Best Score? Go Orange.
Dark Angel Episodes Stats
Can you name the Dark Angel Episodes from Seasons 1 & 2?
By
dinozzoitis
10m
42 Questions
209 Plays
209 Plays
209 Plays
Comments
Comments
Give Quiz Kudos
Give Quiz Kudos
-
- Ratings
hide this ad
Replay
Link that replays current quiz
Next Quiz
Link to next quiz in quiz playlist
You Got
0%
They Got
Avg Score
57%
Avg Friend Score
Upgrade to see
Score Distribution
Jump to the score distribution portion of the page
Score
0/42
Timer
10:00
0
Plays Today
Season and Episode Number
Episode Title
% Correct
Season 1 Episode 1
Pilot
91.4%
Season 1 Episode 2
Heat
80.9%
Season 1 Episode 10
Red
78.5%
Season 1 Episode 4
C.R.E.A.M
74.6%
Season 2 Episode 21
Freak Nation
73.2%
Season 1 Episode 21
...And Jesus Brought a Casserole
72.2%
Season 2 Episode 1
Designate This
67.5%
Season 1 Episode 3
Flushed
66%
Season 1 Episode 15
Haven
65.6%
Season 1 Episode 19
Hit A Sista Back
64.6%
Season 1 Episode 5
411 On The DL
64.1%
Season 2 Episode 2
Bag 'Em
64.1%
Season 2 Episode 6
Two
63.6%
Season 1 Episode 11
Art Attack
62.2%
Season 2 Episode 5
Boo
61.7%
Season 2 Episode 8
Gill Girl
59.8%
Season 2 Episode 3
Proof of Purchase
59.3%
Season 1 Episode 20
Meow
58.9%
Season 1 Episode 17
Pollo Loco
58.4%
Season 1 Episode 6
Prodigy
57.4%
Season 1 Episode 8
Blah Blah Woof Woof
57.4%
Season and Episode Number
Episode Title
% Correct
Season 2 Episode 18
Dawg Day Afternoon
56.9%
Season 1 Episode 18
I And I Am A Camera
55.5%
Season 2 Episode 20
Love Among the Runes
54.1%
Season 2 Episode 10
Brainiac
53.1%
Season 2 Episode 7
Some Assembly Required
52.2%
Season 2 Episode 13
Harbor Lights
51.7%
Season 1 Episode 7
Cold Comfort
51.2%
Season 2 Episode 11
The Berrisford Agenda
50.7%
Season 2 Episode 14
Love In Vein
49.8%
Season 1 Episode 9
Out
48.8%
Season 2 Episode 19
She Ain't Heavy
48.8%
Season 2 Episode 4
Radar Love
47.4%
Season 1 Episode 12
Rising
46.4%
Season 1 Episode 13
The Kids Are Aiight
45.9%
Season 1 Episode 14
Female Trouble
45%
Season 1 Episode 16
Shorties In Love
44%
Season 2 Episode 12
Borrowed Time
43.5%
Season 2 Episode 9
Medium is the Message
43.1%
Season 2 Episode 17
Hello, Goodbye
42.6%
Season 2 Episode 15
Fuhgeddaboudit
41.1%
Season 2 Episode 16
Exposure
41.1%
Quiz Playlist
Details
Report
Send in Message
Add To Playlist
Classic:
Type in answers that appear in a list
Last Updated: Feb 16, 2017
Quiz Scoreboard
CHALLENGE
Sign Up to Join the Scoreboard
Show All
Scores
Hide
Comments
May contain spoilers
Recently Published
Image Sorting: Flags VI
by Barbecue
Geography
2m
Find the 'City' Movie
by crazypaving
Movies
60s
Colored Red Africa Blitz
by spor1
Geography
45s
More to Explore
Quiz From the Vault
Featured Blog Post
14 Easter Pick-up Lines to Find Eggs With
hide this ad
You Might Also Like...
Tags
Numbers Quiz
angel
dark
episode
season
Season 1
Today's Top Quizzes in Television
Browse Television
hide this ad
Today's Top Quizzes in Numbers
Browse Numbers
Top Contributed Quizzes in Television
1
Survivor Journey Challenge
2
Brooklyn Nine Nine Logic Puzzle (How-To-Play)
3
Total Drama Characters
4
Phoebe Buffay Quotes
5
Survivor Heroes vs. Villains Logic Puzzle
6
Adjectives in 00s TV Shows
7
Survivor Trivia
8
Game of Thrones: Tywin Lannister Start to Finish
9
Emmerdale Characters (from August 2012)
10
Survivor Logic Puzzle: Heroes vs. Villains
Explore More
Trending Topics
Marvel
Anime
Crossword
Harry Potter
Disney
NBA
Kpop
Pokémon
The Office
Song
WWE
NFL
Puzzle
Country
Soccer
hide this ad
More By:
dinozzoitis
Quiz
Plays
Rating
Category
Featured
Created
Dark Angel Episodes
209
4.50
Television
Feb 10, 2011
Go to Creator's Profile
Score Distribution
Quiz Creator Spotlight
dinozzoitis
Follow
Send a Message
Quizzes Created
-
Created Quiz Play Count
-
More By This Creator
Popular Quizzes Today
1
Colored Red Africa Blitz
2
Find the US States - No Outlines Minefield
3
Find the 'City' Movie
4
5x2 Blitz: Bands
5
The Countries of the World
6
Find the US States
7
Find the Countries of Europe - No Outlines Minefield
8
US States
More Television Quizzes
Friends Finish the Line: Season Two, Ep 15-18
Quiz Lab
Trending Quizzes
Colored Red Europe Blitz I
Colored Red Europe Blitz II
Colored Red Africa Blitz II
Colored Red Europe Blitz III
Colored Red Africa Blitz III
Recently Updated
How Do You Spell That?
pecheneg
Godzilla Movies
pecheneg
Grab Bag: 4-10 Letters
pecheneg
2024 March Madness Bracket
pecheneg
Famous TV Couples
Peacemaker
Champions League XIs: Real Madrid
pecheneg
Largest US Cities 1790-2010
pecheneg
Rides in Walt Disney World
pecheneg
Most Oscar Losses (Acting)
pecheneg
Beyoncé Albums
pecheneg
Trending Topics
Disney
Kpop
Crossword
Marvel
Harry Potter
Anime
NBA
Puzzle
WWE
NFL
Pokémon
Song
Country
The Office
Soccer
Your Account Isn't Verified!
In order to create a playlist on Sporcle, you need to verify the email address you used during registration. Go to your
Sporcle Settings
to finish the process.
Report this User
Report this user for behavior that violates our
Community Guidelines
.
Details:
Send Report
Go to the Sporcle.com Mobile Site →
Comments